000
00332 a2200145 4500
001
74190
020
_a
040
_c
Anchieta - Colégio São Paulo
240
1
0
_a
Parâmetros curriculares nacionais
_l
por
245
1
0
_a
Parâmetros curriculares nacionais
300
_a
174
362
0
_a
1998
650
4
_a
Educação
942
_c
BK
999
_c
74190
_d
74190